000 00629nam a22002417a 4500
003 UA-OsUOA
001 87967
007 ta
008 20120926b un ||||| |||| 00| 0 ukr d
100 _aДефо Д.
090 _a821.111
_bД39
942 _cBK
040 _aUA-OsUOA
_brus
_cUA-OsUOA
_dUA-OsUOA
245 _aМолль Флендерс
_bРоман
300 _a232 с.
955 _a3
041 _arus
080 _a821.111
020 _a5 - 7707-3410-8
260 _aК.
_bУКВТО Союзінфор
_c1992
650 7 _a82 Література. Літературознавство
_2UDC
999 _c374942
_d374942